[Event "ICS rated blitz match"]
[Site "204.178.125.65"]
[Date "1999.12.04"]
[Round "?"]
[White "ural"]
[Black "Hossa"]
[Result "0-1"]
[WhiteElo "2165"]
[BlackElo "2564"]
[PlyCount "76"]
[EventDate "1999.??.??"]

1. e4 c5 2. b3 Nc6 3. Bb2 e5 4. f4 exf4 5. Qf3 Nd4 6. Bxd4 cxd4 7. Qxf4 Qf6 8.
Ne2 Be7 9. c3 Qxf4 10. Nxf4 dxc3 11. Nxc3 Nf6 12. Nfd5 Nxd5 13. Nxd5 Kd8 14.
Nxe7 Kxe7 15. Rc1 f6 16. h4 b6 17. Rh3 Bb7 18. Re3 Rhc8 19. Rc4 Rxc4 20. bxc4
Re8 21. d4 Kd6 22. Bd3 h5 23. Kd2 Bc6 24. Kc3 Re7 25. d5 Ba4 26. Kd4 Re5 27.
Rg3 Re7 28. a3 Bd1 29. Rg6 Kc7 30. c5 bxc5+ 31. Kxc5 d6+ 32. Kd4 Bg4 33. a4 Kb6
34. Bb5 a6 35. Bd3 Bd1 36. Ke3 Bxa4 37. Be2 a5 38. Bxh5 38... Be8 {ural resigns
} 0-1

[Event "ICS rated blitz match"]
[Site "204.178.125.65"]
[Date "1999.12.04"]
[Round "?"]
[White "Hossa"]
[Black "ural"]
[Result "1-0"]
[WhiteElo "2567"]
[BlackElo "2162"]
[PlyCount "72"]
[EventDate "1999.??.??"]

1. e4 d5 2. exd5 Qxd5 3. Nc3 Qa5 4. d4 Nf6 5. Nf3 Ne4 6. Bd2 Nxd2 7. Qxd2 e6 8.
Bd3 Bb4 9. O-O Nd7 10. a3 Bxc3 11. bxc3 O-O 12. Rfb1 a6 13. Re1 c5 14. Qe3 Qc7
15. dxc5 Qxc5 16. Red1 Qxe3 17. fxe3 Nc5 18. Rab1 b5 19. Ng5 f5 20. c4 Nxd3 21.
cxd3 bxc4 22. dxc4 Ra7 23. Rb6 Rc7 24. Rc1 e5 25. Rb8 h6 26. Nf3 Rc5 27. Nd2
Be6 28. Rb6 Bf7 29. Rxa6 Rb8 30. Rd6 Rb2 31. Rf1 g6 32. g4 fxg4 33. Rd8+ Kg7
34. Rd7 h5 35. Rfxf7+ Kh6 36. h4 36... gxh3 {ural resigns} 1-0

[Event "ICS rated blitz match"]
[Site "204.178.125.65"]
[Date "1999.12.04"]
[Round "?"]
[White "Talmoves"]
[Black "Hossa"]
[Result "0-1"]
[WhiteElo "2550"]
[BlackElo "2570"]
[PlyCount "188"]
[EventDate "1999.??.??"]

1. e4 c5 2. Nf3 d6 3. d4 cxd4 4. Nxd4 Nf6 5. Nc3 a6 6. Bg5 e6 7. f4 Be7 8. Qf3
Qc7 9. O-O-O Bd7 10. e5 dxe5 11. fxe5 Nd5 12. Bxe7 Nxe7 13. Qg3 Nbc6 14. Ne4
Qxe5 15. Nd6+ Kf8 16. Qxe5 Nxe5 17. Nxb7 Nd5 18. Nc5 Bc8 19. Nf3 Nd7 20. Nxd7+
Bxd7 21. Bc4 Nf6 22. Nd4 Ng4 23. Rde1 h6 24. h3 Nf6 25. Rhf1 Ke7 26. Rf5 Rhc8
27. Bd3 Rd8 28. Ra5 Bb5 29. Bxb5 Rxd4 30. Bf1 Ne8 31. c3 Rf4 32. g3 Rf2 33. Bc4
Nc7 34. Re2 Rf1+ 35. Kc2 Rg1 36. g4 Rh1 37. Rc5 Ra7 38. Rh5 Ra8 39. a3 Rd8 40.
Rc5 Rd7 41. Rc6 Rxh3 42. Bxa6 Nd5 43. Bc8 Rd8 44. Kb3 Rg3 45. Re4 Nf6 46. Rc7+
Ke8 47. Ra4 Nd5 48. Rc6 Ne7 49. Bb7 Nxc6 50. Bxc6+ Kf8 51. Rb4 f5 52. gxf5 exf5
53. Rf4 g6 54. Rf2 Rg1 55. Kc4 Ra1 56. Rg2 g5 57. Rf2 f4 58. Bf3 Kg7 59. Kc5
Kg6 60. Rh2 Rb8 61. Be4+ Kg7 62. Bd5 Rc8+ 63. Kb4 Rd8 64. Kc5 Rf8 65. Bf3 Re8
66. Bc6 Re5+ 67. Kc4 Re6 68. Bf3 Re3 69. Bg4 Re8 70. Bf3 Kh7 71. Bg4 Rb8 72.
Bf5+ Kg7 73. Bd7 Rd8 74. Bf5 Rf8 75. Be6 f3 76. Rf2 g4 77. Bxg4 Rf4+ 78. Kd3
Rxg4 79. Rxf3 h5 80. Rf5 h4 81. Rf2 h3 82. Ke3 Rg2 83. Rf5 h2 84. Rh5 Rxb2 85.
a4 Rxa4 86. Rg5+ Kh6 87. Rg8 Kh7 88. Rh8+ Kxh8 89. c4 Rxc4 90. Kd3 h1=Q 91.
Kxc4 Rd2 92. Kb4 Rc2 93. Ka4 Rb2 94. Ka5 94... Qa1# {Talmoves checkmated} 0-1

[Event "ICS rated blitz match"]
[Site "204.178.125.65"]
[Date "1999.12.04"]
[Round "?"]
[White "Hossa"]
[Black "Talmoves"]
[Result "0-1"]
[WhiteElo "2585"]
[BlackElo "2535"]
[PlyCount "110"]
[EventDate "1999.??.??"]

1. e4 e5 2. Nf3 Nc6 3. Bb5 a6 4. Bxc6 dxc6 5. O-O f6 6. d4 exd4 7. Qxd4 Qxd4 8.
Nxd4 Bd7 9. Be3 O-O-O 10. Nd2 Ne7 11. N4b3 b6 12. a4 a5 13. c4 c5 14. Rfd1 Ng6
15. Nc1 Bd6 16. Ne2 Be5 17. Nc3 Be6 18. Nb5 Bxb2 19. Ra2 Be5 20. Rc2 c6 21. Nc3
Rd3 22. Na2 Ra3 23. Rb1 Kc7 24. Nc1 Rxa4 25. Ncb3 Rb4 26. Re1 a4 27. Nc1 Nf4
28. Kf1 a3 29. Ra2 Ra8 30. g3 Bh3+ 31. Kg1 Ng2 32. Rd1 Rb2 33. Nf3 Nxe3 34.
fxe3 Bg4 35. Rf1 Bxf3 36. Rxf3 Rxa2 37. Nxa2 Ra4 38. g4 Rxc4 39. g5 b5 40. gxf6
gxf6 41. Rf1 Rc2 42. Rf2 Rxf2 43. Kxf2 b4 44. Nc1 c4 45. Ke2 b3 46. Kd2 a2 47.
Nxa2 bxa2 48. Ke2 c3 49. h3 a1=Q 50. h4 Qg1 51. h5 Qg4+ 52. Kf2 Bh2 53. e5 c2
54. exf6 c1=Q 55. f7 55... Qcg1# {Hossa checkmated} 0-1

[Event "ICS rated blitz match"]
[Site "204.178.125.65"]
[Date "1999.12.04"]
[Round "?"]
[White "Talmoves"]
[Black "Hossa"]
[Result "0-1"]
[WhiteElo "2553"]
[BlackElo "2567"]
[PlyCount "168"]
[EventDate "1999.??.??"]

1. c4 Nf6 2. Nf3 g6 3. d4 Bg7 4. Nc3 d5 5. Qb3 dxc4 6. Qxc4 O-O 7. e4 Nc6 8.
Be2 Re8 9. e5 Nd7 10. e6 fxe6 11. Qxe6+ Kh8 12. Qf7 Rf8 13. Qd5 e6 14. Qe4 Nxd4
15. Be3 Nxe2 16. Nxe2 Bxb2 17. Rd1 Qf6 18. Bh6 Rf7 19. O-O Qf5 20. Qc4 c6 21.
h3 Bf6 22. Ng3 Ne5 23. Nxe5 Qxe5 24. Rfe1 Qc7 25. Rd3 Kg8 26. Rf3 b5 27. Qb4 a5
28. Qe4 e5 29. Rc1 Bb7 30. Qe3 Bh8 31. Ne4 Rxf3 32. Qxf3 a4 33. Nf6+ Bxf6 34.
Qxf6 Re8 35. a3 Qe7 36. Rxc6 Bxc6 37. Qxc6 Rb8 38. Qd5+ Kh8 39. Be3 Kg7 40. Qc6
Rd8 41. Qxb5 Qe8 42. Qb7+ Rd7 43. Qe4 Rd1+ 44. Kh2 Qb5 45. Qh4 Rd7 46. f3 Qa6
47. Bh6+ Kf7 48. Qb4 Ke6 49. Qg4+ Kd6 50. Qb4+ Kc6 51. Qe4+ Rd5 52. Bg7 Qb5 53.
Bxe5 Qb3 54. Bg3 g5 55. Qe8+ Kb7 56. Qe7+ Ka6 57. Qxh7 Qxa3 58. Qg6+ Kb5 59.
Qe8+ Kc4 60. Qc6+ Kd4 61. Bf2+ Ke5 62. Qe8+ Kf6 63. Bd4+ Rxd4 64. Qh8+ Ke6 65.
Qg8+ Kf5 66. Qf7+ Ke5 67. Qg7+ Kd5 68. Qxg5+ Kc4 69. Qg8+ Kb4 70. Qf8+ Kb3 71.
Qf7+ Kb2 72. Qb7+ Qb4 73. Qa6 a3 74. Qe2+ Rd2 75. Qe5+ Qc3 76. Qb5+ Kc1 77.
Qf1+ Kc2 78. Qb5 a2 79. Qa4+ Kc1 80. Kh1 a1=Q 81. Qg4 Qe3 82. Qc4+ Kb2+ 83.
Qc1+ Qxc1+ 84. Kh2 84... Qf4# {Talmoves checkmated} 0-1

[Event "ICS rated blitz match"]
[Site "204.178.125.65"]
[Date "1999.12.04"]
[Round "?"]
[White "Hossa"]
[Black "Talmoves"]
[Result "1/2-1/2"]
[WhiteElo "2582"]
[BlackElo "2538"]
[PlyCount "119"]
[EventDate "1999.??.??"]

1. e4 e5 2. Nf3 Nc6 3. Bb5 a6 4. Ba4 d6 5. O-O Nf6 6. d3 Be7 7. Nc3 O-O 8. Nd5
Nxd5 9. exd5 Nb4 10. d4 e4 11. Nd2 Nxd5 12. Nxe4 Be6 13. Re1 Nb6 14. Bb3 Qd7
15. d5 Bg4 16. f3 Bf5 17. Qe2 Bh4 18. g3 Bxe4 19. fxe4 Bf6 20. c3 Rae8 21. a4
a5 22. Rf1 Qh3 23. Qf3 Nd7 24. Bf4 Kh8 25. Rae1 Nc5 26. Bc2 Be5 27. Be3 f5 28.
exf5 Bf6 29. g4 Qxf3 30. Rxf3 Bh4 31. Re2 Re5 32. Kg2 Bg5 33. Rh3 Rfe8 34. f6
gxf6 35. Kf2 Ne4+ 36. Kg2 Bxe3 37. Rhxe3 Nc5 38. Kf3 Rxe3+ 39. Rxe3 Re5 40. h4
h6 41. Re2 Kg7 42. h5 Kf8 43. c4 c6 44. Rd2 Ke7 45. b3 Kd7 46. Rd4 Rg5 47. Rf4
Ke7 48. Rf5 Nd7 49. Kf4 Ne5 50. Rxg5 fxg5+ 51. Kf5 cxd5 52. cxd5 Kf7 53. Be4
Nd7 54. Bd3 Nc5 55. Bc2 b6 56. Bd1 Kg7 57. Bc2 Kf7 58. Bd1 Kg7 59. Bc2 Kf7 60.
Bd1 {Game drawn by repetition} 1/2-1/2

[Event "ICS rated standard match"]
[Site "204.178.125.65"]
[Date "1999.12.04"]
[Round "?"]
[White "Hossa"]
[Black "ural"]
[Result "1-0"]
[WhiteElo "2172"]
[BlackElo "2073"]
[PlyCount "117"]
[EventDate "1999.??.??"]

1. e4 d5 2. exd5 Qxd5 3. Nc3 Qa5 4. d4 Nf6 5. Nf3 Bg4 6. Be2 Nc6 7. Bb5 O-O-O
8. Bxc6 bxc6 9. Bd2 Qa6 10. Ne2 Bxf3 11. gxf3 e6 12. b4 Qc4 13. c3 Rd5 14. Qb3
Qd3 15. c4 Qxb3 16. axb3 Rf5 17. f4 Ne4 18. Ra4 Nxd2 19. Kxd2 g5 20. Kc3 gxf4
21. Rxa7 Kd7 22. Nc1 Bg7 23. Nd3 Rd8 24. Rg1 Bf6 25. Nc5+ Kd6 26. Nb7+ Kd7 27.
Nxd8 Kxd8 28. Rg4 h5 29. Rg8+ Kd7 30. Rf8 Bh4 31. Ra2 f3 32. h3 Rf4 33. Rd2 Be7
34. Rg8 Bf6 35. Rg1 Ke7 36. Rd3 Bh4 37. Rf1 f6 38. Re3 Kd6 39. Ree1 e5 40.
dxe5+ fxe5 41. Kd3 Rd4+ 42. Ke3 Bg5+ 43. Kxf3 Rd3+ 44. Kg2 Rxb3 45. Rb1 Rc3 46.
c5+ Ke6 47. Ra1 e4 48. Ra6 Kd5 49. Ra8 Rc2 50. Re8 e3 51. Kf3 exf2 52. Rxf2
Rc3+ 53. Kg2 Kc4 54. h4 Bc1 55. Rb8 Kb3 56. Rf5 Ba3 57. Rxh5 Bxb4 58. Rb7 Kc4
59. Rxc7 {ural resigns} 1-0

[Event "ICS rated blitz match"]
[Site "204.178.125.65"]
[Date "1999.12.04"]
[Round "?"]
[White "tolo"]
[Black "Hossa"]
[Result "0-1"]
[WhiteElo "2277"]
[BlackElo "2580"]
[PlyCount "72"]
[EventDate "1999.??.??"]

1. e4 e5 2. Nf3 Nc6 3. Bc4 Bc5 4. d3 Nf6 5. O-O d5 6. exd5 Nxd5 7. Nc3 Nxc3 8.
bxc3 O-O 9. Be3 Bb6 10. a4 Bg4 11. h3 Bh5 12. Qe2 Qf6 13. g4 Bg6 14. Ng5 Bxe3
15. Qxe3 Rae8 16. a5 h6 17. Ne4 Qe7 18. a6 b6 19. Bb5 Qd7 20. Ra4 f5 21. gxf5
Bxf5 22. Rc4 Re6 23. f4 Rg6+ 24. Kh2 exf4 25. Qxf4 Rg2+ 26. Kxg2 Bxh3+ 27. Kg3
Bxf1 28. Qg4 Qxg4+ 29. Kxg4 Ne5+ 30. Kg3 Rf3+ 31. Kh2 Nxc4 32. Bxc4+ Kf8 33.
Kg1 Be2 34. Nd2 Rf4 35. Nb3 c5 36. Nc1 36... Rf1+ {tolo resigns} 0-1

[Event "ICS rated blitz match"]
[Site "204.178.125.65"]
[Date "1999.12.04"]
[Round "?"]
[White "Hossa"]
[Black "rooking"]
[Result "1-0"]
[WhiteElo "2589"]
[BlackElo "2138"]
[PlyCount "85"]
[EventDate "1999.??.??"]

1. e4 d6 2. d4 g6 3. Nf3 Bg7 4. Bb5+ c6 5. Bd3 b5 6. a4 b4 7. Bf4 Nd7 8. Qd2 a5
9. O-O Ngf6 10. Bh6 O-O 11. Bxg7 Kxg7 12. e5 Nd5 13. exd6 exd6 14. Re1 N7b6 15.
c4 bxc3 16. Nxc3 Bg4 17. Nxd5 Nxd5 18. Be4 Nf6 19. Bxc6 Rc8 20. Rac1 Qb6 21. d5
Bxf3 22. gxf3 Rb8 23. Bb5 Rbc8 24. Rxc8 Rxc8 25. f4 Nh5 26. Bc6 Rb8 27. Qc3+
Kh6 28. Re7 f5 29. Bb5 Qd8 30. Re8 Qb6 31. Rxb8 Qxb8 32. Qxa5 Qb7 33. Qd2 Qe7
34. Be2 Nf6 35. Bf3 Qa7 36. a5 Qa6 37. b3 Nd7 38. b4 Nf6 39. Qc3 Nd7 40. Qc7
Qd3 41. Kg2 Nf6 42. Qxd6 Ne4 43. Qf8# {rooking checkmated} 1-0

[Event "ICS rated blitz match"]
[Site "204.178.125.65"]
[Date "1999.12.04"]
[Round "?"]
[White "rooking"]
[Black "Hossa"]
[Result "0-1"]
[WhiteElo "2136"]
[BlackElo "2591"]
[PlyCount "124"]
[EventDate "1999.??.??"]

1. f4 d5 2. Nf3 g6 3. e3 Nf6 4. b3 Bg7 5. Bb2 Nc6 6. Be2 O-O 7. O-O Bg4 8. Qe1
Nb4 9. Bd1 c5 10. d3 Qb6 11. Nbd2 Rfe8 12. a3 Nc6 13. h3 Bf5 14. g4 Bd7 15. Kh2
Nxg4+ 16. hxg4 Bxb2 17. Ra2 Bc3 18. Qh4 Bxd2 19. Ng5 h5 20. gxh5 Nd8 21. hxg6
Qxg6 22. Rg1 Bxe3 23. Rg2 e5 24. fxe5 Kg7 25. Nh3 Rxe5 26. c4 Nc6 27. Rxg6+
fxg6 28. Bg4 Rh8 29. Qg3 Bxg4 30. Qxg4 Reh5 31. Qd7+ Kf8 32. Qc8+ Kf7 33. Qxb7+
Ne7 34. Qd7 g5 35. Re2 Rxh3+ 36. Qxh3 Rxh3+ 37. Kxh3 d4 38. Kg4 Ng6 39. Kf5 Nf4
40. Rh2 a5 41. Rh7+ Kg8 42. Ra7 Bd2 43. Rc7 Nxd3 44. Kf6 Bc1 45. Rc8+ Kh7 46.
Rc7+ Kh6 47. Kf5 Bxa3 48. Rc6+ Kh5 49. Rc8 Kh4 50. Rh8+ Kg3 51. Kxg5 Nc1 52.
Rb8 Bb4 53. Kf5 Nxb3 54. Ke4 a4 55. Kd3 a3 56. Ra8 a2 57. Kc2 a1=Q 58. Rxa1
Nxa1+ 59. Kb2 d3 60. Kb1 d2 61. Kb2 d1=Q 62. Ka2 62... Qc2+ {rooking resigns}
0-1

[Event "ICS rated blitz match"]
[Site "204.178.125.65"]
[Date "1999.12.04"]
[Round "?"]
[White "Hossa"]
[Black "rooking"]
[Result "1-0"]
[WhiteElo "2593"]
[BlackElo "2134"]
[PlyCount "39"]
[EventDate "1999.??.??"]

1. e4 c5 2. Nf3 d6 3. d4 cxd4 4. Nxd4 Nf6 5. Nc3 a6 6. Bg5 e6 7. f4 Be7 8. Qf3
Nbd7 9. O-O-O Qc7 10. f5 Ne5 11. Qh3 exf5 12. Nxf5 Bxf5 13. Qxf5 Rc8 14. Bxf6
Bxf6 15. Rd2 Qd7 16. Rxd6 Qxf5 17. exf5 Nc4 18. Bxc4 Bxc3 19. bxc3 Ke7 20. Rd4
{rooking resigns} 1-0

[Event "ICS rated blitz match"]
[Site "204.178.125.65"]
[Date "1999.12.04"]
[Round "?"]
[White "Hossa"]
[Black "WhiteCastles"]
[Result "0-1"]
[WhiteElo "2597"]
[BlackElo "2874"]
[PlyCount "150"]
[EventDate "1999.??.??"]

1. e4 e5 2. Nf3 Nc6 3. Bb5 a6 4. Ba4 Nf6 5. O-O Nxe4 6. d4 b5 7. Bb3 d5 8. dxe5
Be6 9. Be3 Bc5 10. Bxc5 Nxc5 11. Nc3 Nxb3 12. axb3 O-O 13. Re1 Re8 14. Qd2 b4
15. Ne2 Bg4 16. Ned4 Nxd4 17. Nxd4 c5 18. Qf4 Qd7 19. f3 Be6 20. Nxe6 fxe6 21.
Ra5 Rec8 22. Rea1 Rc6 23. Qd2 Qa7 24. Kh1 Qf7 25. Qg5 Kh8 26. R1a4 Qf8 27. Qe3
Kg8 28. Kg1 c4 29. bxc4 Rxc4 30. Qb6 Re8 31. c3 Qf4 32. Rxb4 Qxe5 33. Ra1 Rxb4
34. Qxb4 Rb8 35. Qe7 h6 36. Qa3 a5 37. Kh1 a4 38. h3 Qg5 39. Ra2 Qc1+ 40. Kh2
Qf4+ 41. Kg1 Kf7 42. Qxa4 Qxa4 43. Rxa4 Rxb2 44. Rd4 g5 45. Rd1 Kf6 46. Kh1 Rc2
47. Rd3 Ke5 48. g3 h5 49. Kg1 h4 50. Re3+ Kf5 51. gxh4 gxh4 52. Kh1 Kf4 53.
Rxe6 Rxc3 54. Kg2 Rc2+ 55. Kg1 Kxf3 56. Rd6 Kg3 57. Kf1 Rf2+ 58. Ke1 Rf5 59.
Kd2 Kxh3 60. Kd3 Kg4 61. Rg6+ Rg5 62. Re6 h3 63. Kd4 h2 64. Re1 Kf3 65. Kc5 Rh5
66. Rh1 Kg2 67. Rb1 h1=Q 68. Rb2+ Kg3 69. Rb3+ Qf3 70. Rb1 Qc3+ 71. Kb5 d4+ 72.
Kb6 Qc5+ 73. Ka6 Rh6+ 74. Kb7 Rh7+ 75. Kb8 75... Qf8# {Hossa checkmated} 0-1

[Event "ICS rated blitz match"]
[Site "204.178.125.65"]
[Date "1999.12.04"]
[Round "?"]
[White "ComeOnThen"]
[Black "Hossa"]
[Result "0-1"]
[WhiteElo "2125"]
[BlackElo "2592"]
[PlyCount "20"]
[EventDate "1999.??.??"]

1. Nc3 d5 2. e4 dxe4 3. Nxe4 Bf5 4. Ng3 Bg6 5. Nf3 Nf6 6. Bc4 Nc6 7. O-O Qd6 8.
d4 O-O-O 9. c3 e5 10. d5 10... Nxd5 {ComeOnThen resigns} 0-1

[Event "ICS rated blitz match"]
[Site "204.178.125.65"]
[Date "1999.12.04"]
[Round "?"]
[White "Hossa"]
[Black "grobdigger"]
[Result "1-0"]
[WhiteElo "2594"]
[BlackElo "2337"]
[PlyCount "77"]
[EventDate "1999.??.??"]

1. e4 e6 2. d4 d5 3. Nc3 Bb4 4. e5 b6 5. Qg4 Bf8 6. Bg5 Qd7 7. Nf3 h6 8. Bf4
Ba6 9. Bxa6 Nxa6 10. O-O c5 11. Rad1 c4 12. b3 b5 13. bxc4 bxc4 14. Rb1 Nc7 15.
Rb7 Qc8 16. Rfb1 Ne7 17. Qh5 g6 18. Qg4 Bg7 19. Nb5 Nxb5 20. R1xb5 Nc6 21. Rb1
O-O 22. Qh3 h5 23. Bg5 Rb8 24. Rxb8 Nxb8 25. Be7 Re8 26. Bd6 Nc6 27. c3 Qa6 28.
Rb2 Qa4 29. Nd2 Qd1+ 30. Nf1 Bf8 31. Rb7 Rd8 32. Bxf8 Rxf8 33. Rc7 Nxd4 34.
cxd4 Qxd4 35. Qe3 Qa1 36. Rxa7 d4 37. Qd2 Rc8 38. Rd7 d3 39. Qf4 {
grobdigger resigns} 1-0

[Event "ICS rated blitz match"]
[Site "204.178.125.65"]
[Date "1999.12.04"]
[Round "?"]
[White "EXchess"]
[Black "Hossa"]
[Result "1-0"]
[WhiteElo "2498"]
[BlackElo "2600"]
[PlyCount "123"]
[EventDate "1999.??.??"]

1. e4 e5 2. Nf3 Nc6 3. Bb5 a6 4. Ba4 Nf6 5. O-O Be7 6. Re1 b5 7. Bb3 d6 8. c3
O-O 9. h3 Bb7 10. d4 Re8 11. a4 exd4 12. cxd4 d5 13. exd5 Na5 14. Bc2 b4 15.
Bg5 Bxd5 16. Nbd2 Qd6 17. Rc1 Rad8 18. Bf5 h6 19. Be3 g6 20. Bd3 Bf8 21. Qc2
Re7 22. Re2 Ba8 23. Qb1 Bd5 24. Rce1 Rde8 25. Qd1 Ba8 26. Ne5 Nc6 27. Ndf3 Nd5
28. Nxc6 Bxc6 29. Bd2 Rxe2 30. Bxe2 Nf6 31. Ne5 Ba8 32. Bf4 Nd5 33. Bg3 Qe6 34.
Bc4 Re7 35. Bh4 f6 36. Nf3 Qd6 37. Rxe7 Qxe7 38. Bxa6 Bg7 39. Bc4 Kh8 40. a5
Nf4 41. Bg3 Nh5 42. Bh2 f5 43. Ne5 Kh7 44. Qb3 Bf6 45. Bf7 Bxe5 46. Bxe5 Nf6
47. Qc4 Kg7 48. Bd5 Bxd5 49. Qxd5 Kh7 50. Qc6 Nd7 51. a6 Nb6 52. Bxc7 Nd5 53.
Qxd5 h5 54. Be5 Kh6 55. Qb7 Qh7 56. Qxh7+ Kxh7 57. a7 Kg8 58. a8=Q+ Kf7 59.
Qb7+ Ke8 60. Bf6 Kf8 61. Qe7+ Kg8 62. Qg7# {Hossa checkmated} 1-0

[Event "ICS rated blitz match"]
[Site "204.178.125.65"]
[Date "1999.12.04"]
[Round "?"]
[White "Hossa"]
[Black "EXchess"]
[Result "1/2-1/2"]
[WhiteElo "2579"]
[BlackElo "2519"]
[PlyCount "204"]
[EventDate "1999.??.??"]

1. e4 e5 2. Nf3 Nc6 3. Bb5 a6 4. Ba4 Nf6 5. O-O Be7 6. Re1 b5 7. Bb3 O-O 8. c3
d5 9. exd5 Nxd5 10. Nxe5 Nxe5 11. Rxe5 c6 12. d4 Bd6 13. Re1 Qh4 14. g3 Qh3 15.
Be3 Bg4 16. Qd3 Rae8 17. Qf1 Qh5 18. Bc2 c5 19. Nd2 Bh3 20. Qd3 Nxe3 21. fxe3
c4 22. Qe2 Qxe2 23. Rxe2 Bg4 24. Ree1 Bc7 25. a4 Ra8 26. Be4 Rab8 27. axb5 axb5
28. Bd5 Bd8 29. Kf2 Rb6 30. e4 Rf6+ 31. Kg2 Rd6 32. Rf1 Be2 33. Rf2 Bg4 34. h3
Bd7 35. Ra7 Be8 36. b3 cxb3 37. Nxb3 Rd7 38. Rfa2 Rxa7 39. Rxa7 Bb6 40. Ra6 Bd8
41. Ra8 Bg5 42. h4 Be7 43. Nc5 Bf6 44. e5 Be7 45. Kf3 h5 46. Be4 g6 47. Bd5
Bxc5 48. dxc5 Bd7 49. Ra7 Rd8 50. Kf4 Be8 51. Be4 Kf8 52. c6 Rc8 53. c7 Ke7 54.
Bg2 Bd7 55. Kg5 Be6 56. Bf1 Bc4 57. Bxc4 bxc4 58. Kh6 Kd7 59. Kg7 Ke6 60. Ra6+
Kxe5 61. Kxf7 Rxc7+ 62. Kxg6 Ke4 63. Rd6 Rc5 64. Rd7 Kf3 65. Rd8 Kxg3 66. Rd4
Kf3 67. Kf6 Kg3 68. Ke6 Kg2 69. Kd7 Kg3 70. Ke6 Kg2 71. Kd6 Rc8 72. Kd7 Rc5 73.
Ke6 Kg3 74. Kf6 Kf3 75. Kg6 Ke3 76. Kg7 Rc7+ 77. Kf6 Rc5 78. Ke6 Kf3 79. Kd6
Rc8 80. Ke7 Rc7+ 81. Kf8 Rc5 82. Kg7 Ke3 83. Kf7 Rf5+ 84. Kg6 Rf4 85. Rxf4 Kxf4
86. Kxh5 Kf5 87. Kh6 Ke4 88. h5 Kd3 89. Kg6 Kxc3 90. h6 Kd2 91. h7 c3 92. h8=Q
c2 93. Qb2 Kd1 94. Qb3 Kd2 95. Qa2 Kc3 96. Qa3+ Kd2 97. Qa5+ Ke2 98. Kh5 c1=Q
99. Qb5+ Kf3 100. Qd5+ Kg3 101. Qe5+ Qf4 102. Qxf4+ 102... Kxf4 {
Game drawn because neither player has mating material} 1/2-1/2

[Event "ICS rated blitz match"]
[Site "204.178.125.65"]
[Date "1999.12.04"]
[Round "?"]
[White "ADOLF"]
[Black "Hossa"]
[Result "0-1"]
[WhiteElo "2591"]
[BlackElo "2576"]
[PlyCount "68"]
[EventDate "1999.??.??"]

1. e4 e5 2. Nf3 Nc6 3. Nc3 Bb4 4. Nd5 Nf6 5. Nxb4 Nxb4 6. d3 d6 7. Be2 O-O 8.
Bg5 c5 9. c3 Nc6 10. O-O Bg4 11. Nd2 Bxe2 12. Qxe2 h6 13. Bh4 Re8 14. Nc4 b5
15. Ne3 g5 16. Bg3 Re6 17. Nf5 Qf8 18. Rad1 Rb8 19. h4 a5 20. hxg5 hxg5 21. Qe3
Nh7 22. f3 b4 23. Bf2 Ne7 24. Nxe7+ Qxe7 25. d4 cxd4 26. cxd4 Rh6 27. d5 Kg7
28. Bg3 Nf6 29. Kf2 Nh5 30. Rh1 Rbh8 31. Rxh5 Rxh5 32. Rc1 Rh1 33. Rxh1 Rxh1
34. Qb6 34... Rb1 {ADOLF resigns} 0-1

[Event "ICS rated blitz match"]
[Site "204.178.125.65"]
[Date "1999.12.04"]
[Round "?"]
[White "WhiteCastles"]
[Black "Hossa"]
[Result "1-0"]
[WhiteElo "2879"]
[BlackElo "2593"]
[PlyCount "123"]
[EventDate "1999.??.??"]

1. d4 Nf6 2. c4 e6 3. Nf3 b6 4. a3 Bb7 5. Nc3 d5 6. cxd5 exd5 7. g3 Bd6 8. Bg2
c5 9. Bg5 Nbd7 10. Nh4 h6 11. Nf5 Bf8 12. Bxf6 Nxf6 13. dxc5 Qd7 14. Bh3 Qc6
15. Nd4 Qxc5 16. Ncb5 a6 17. Rc1 axb5 18. Rxc5 Bxc5 19. Nxb5 O-O 20. O-O Ne4
21. Nc7 Rad8 22. Bg2 Nf6 23. b4 Bd6 24. Nb5 Bb8 25. Qd4 Nd7 26. f4 Rfe8 27. Nc3
Ba8 28. e3 Bc6 29. Rc1 Bb7 30. Rd1 Bc7 31. Bxd5 Bxd5 32. Nxd5 Nf6 33. Nxf6+
gxf6 34. Qa1 Rxe3 35. Rxd8+ Bxd8 36. Qd4 Re8 37. a4 h5 38. Kf2 f5 39. h4 Rf8
40. Qe5 Kh7 41. Qxf5+ Kh6 42. a5 bxa5 43. bxa5 f6 44. Qc5 Re8 45. a6 Be7 46.
Qc6 Rf8 47. a7 Bb4 48. a8=Q Rxa8 49. Qxa8 Bc5+ 50. Kf3 Kg7 51. Qb7+ Kg8 52.
Qd5+ Kg7 53. Qxc5 Kf7 54. Qxh5+ Ke6 55. Qe8+ Kd5 56. h5 Kd4 57. h6 Kd5 58. Qc8
Kd4 59. h7 Kd3 60. h8=Q Kd2 61. Qhd8+ Ke1 62. Qc1# {Hossa checkmated} 1-0

[Event "ICS rated blitz match"]
[Site "204.178.125.65"]
[Date "1999.12.04"]
[Round "?"]
[White "Hossa"]
[Black "ThoLem"]
[Result "1-0"]
[WhiteElo "2588"]
[BlackElo "2103"]
[PlyCount "41"]
[EventDate "1999.??.??"]

1. e4 e6 2. d4 d5 3. Nc3 Nf6 4. Bg5 dxe4 5. Nxe4 Be7 6. Nxf6+ Bxf6 7. Bxf6 Qxf6
8. Nf3 O-O 9. c3 Nd7 10. Bd3 c5 11. O-O b6 12. Be4 Rb8 13. Qa4 a5 14. Rfe1 Rd8
15. d5 e5 16. Rad1 Qd6 17. Bxh7+ Kf8 18. Bf5 f6 19. Qh4 Ke7 20. Qh7 Kf8 21. Bg6
{ThoLem resigns} 1-0

[Event "ICS rated blitz match"]
[Site "204.178.125.65"]
[Date "1999.12.04"]
[Round "?"]
[White "ural"]
[Black "Hossa"]
[Result "0-1"]
[WhiteElo "2251"]
[BlackElo "2590"]
[PlyCount "70"]
[EventDate "1999.??.??"]

1. e4 e5 2. f4 Nf6 3. fxe5 Nxe4 4. Nf3 d5 5. d3 Nc5 6. Nc3 d4 7. Ne2 Nc6 8. g3
Bg4 9. Bg2 Bxf3 10. Bxf3 Nxe5 11. Bg2 Qd7 12. O-O O-O-O 13. b4 Ne6 14. Nf4 Re8
15. Nxe6 Qxe6 16. b5 Bb4 17. a4 Bc3 18. Rb1 Kb8 19. Bf4 Rhf8 20. Kh1 f6 21.
Bxe5 fxe5 22. Qe2 g6 23. Qe4 Qc8 24. Rxf8 Rxf8 25. Qxe5 h5 26. b6 axb6 27. Rxb6
Rf5 28. Rxb7+ Qxb7 29. Qxf5 gxf5 30. Bxb7 Kxb7 31. Kg2 Ka6 32. Kf3 Bd2 33. h3
Ka5 34. g4 fxg4+ 35. hxg4 35... hxg4+ {ural resigns} 0-1

[Event "ICS rated blitz match"]
[Site "204.178.125.65"]
[Date "1999.12.04"]
[Round "?"]
[White "Hossa"]
[Black "ural"]
[Result "1-0"]
[WhiteElo "2594"]
[BlackElo "2247"]
[PlyCount "102"]
[EventDate "1999.??.??"]

1. e4 d5 2. exd5 Qxd5 3. Nc3 Qa5 4. d4 Nf6 5. Nf3 Nc6 6. Bd2 Bg4 7. Bb5 O-O-O
8. Bxc6 bxc6 9. h3 Qh5 10. Qe2 Bxf3 11. gxf3 Kb7 12. Be3 Qa5 13. O-O-O e6 14.
Kb1 Bb4 15. Ne4 Nd5 16. Rhg1 g6 17. Bg5 Rb8 18. c4 Nb6 19. Bf6 Rhe8 20. Qd3 Be7
21. Bxe7 Rxe7 22. Rge1 Nd7 23. Qe3 Ka8 24. Re2 Qf5 25. Qa3 Ree8 26. h4 Rb6 27.
Ka1 Reb8 28. Qe3 h5 29. Rg1 Qa5 30. Qf4 f5 31. Ng5 e5 32. dxe5 Nc5 33. Qe3 Rb3
34. Qd2 Qa4 35. Qd1 Rxb2 36. Rxb2 Rxb2 37. Kxb2 Qb4+ 38. Ka1 Qc3+ 39. Kb1 Qb4+
40. Kc1 Qc3+ 41. Qc2 Qa1+ 42. Qb1 Qc3+ 43. Kd1 Qd4+ 44. Ke2 Qxc4+ 45. Ke3 f4+
46. Kd2 Qd4+ 47. Ke2 Qc4+ 48. Ke1 Nd3+ 49. Kf1 Nxe5+ 50. Kg2 Nd3 51. Rd1 51...
Qd4 {ural resigns} 1-0

[Event "ICS rated standard match"]
[Site "204.178.125.65"]
[Date "1999.12.04"]
[Round "?"]
[White "SPIKE-1"]
[Black "Hossa"]
[Result "1-0"]
[WhiteElo "2464"]
[BlackElo "2179"]
[PlyCount "77"]
[EventDate "1999.??.??"]

1. e4 e5 2. d4 exd4 3. c3 dxc3 4. Bc4 cxb2 5. Bxb2 Qe7 6. Nc3 c6 7. Qc2 Qg5 8.
g3 d6 9. Nf3 Qh5 10. Nd4 Be7 11. Be2 Qh3 12. Nd5 cxd5 13. Bf1 Qd7 14. Bb5 Nc6
15. exd5 Bd8 16. dxc6 Qe7+ 17. Kd1 Kf8 18. Re1 Be6 19. Nf5 Bxf5 20. Qxf5 bxc6
21. Bxc6 Rb8 22. Ba3 g6 23. Qf4 g5 24. Qd4 Bb6 25. Qxh8 Qc7 26. Bb2 f6 27. Re6
Qxc6 28. Rxf6+ Ke7 29. Qxh7+ Kd8 30. Rf8+ Qe8 31. Rxe8+ Kxe8 32. Qxg8+ Kd7 33.
Qxb8 Bc5 34. Qb7+ Ke6 35. Kd2 Bxf2 36. Rf1 d5 37. Rxf2 d4 38. Bxd4 a5 39. Rf6#
{Hossa checkmated} 1-0

[Event "ICS rated blitz match"]
[Site "204.178.125.65"]
[Date "1999.12.04"]
[Round "?"]
[White "Hossa"]
[Black "wolfen"]
[Result "1-0"]
[WhiteElo "2598"]
[BlackElo "2059"]
[PlyCount "59"]
[EventDate "1999.??.??"]

1. e4 d6 2. d4 Nf6 3. Nc3 g6 4. f4 Bg7 5. Nf3 O-O 6. Bd3 Nc6 7. e5 dxe5 8. dxe5
Nd5 9. O-O Bg4 10. h3 Nxc3 11. bxc3 Bf5 12. Bxf5 Qxd1 13. Rxd1 gxf5 14. Rd7
Rac8 15. Be3 b6 16. g4 fxg4 17. hxg4 h6 18. Rad1 e6 19. Bf2 Rfd8 20. Kg2 Rxd7
21. Rxd7 Kf8 22. Bh4 Ke8 23. Rd3 Ne7 24. Nd4 Nd5 25. Kf3 c5 26. Nb5 Bf8 27. c4
a6 28. Nd6+ Bxd6 29. exd6 Nb4 30. d7+ {wolfen resigns} 1-0